000 01357nam a22003497a 4500
001 BRCA_9246
003 FranzMayer
005 20230717133729.0
008 230710b |||||||| |||| 00| 0 eng d
020 _a9783777439686
040 _cMFM
_aMFM
_besp
041 _aesp
050 _aNX449.L29
_bH57 2022
110 1 _aDenver Art Museum
_928628
240 1 _aApprooriation and Invention Three Centuries of Art in Spanish America
_lesp
245 0 _aAppropriation and Invention
_bThree Centuries of Art in Spanish America
260 _aMunich, Alemania
_bHirmer
_c2022
300 _a296 p
_bilustraciones
_c29 cm
500 _aL60/N4
505 0 _aTexto en: inglés y españolDestinado a: Museógrafos, artistas, historiadores, investigadoresIncluye índice (temático)Bibliografía: 284-287 pp.
610 1 _aDenver Art Museum
_bThoma Foundation
_928629
650 2 _2Denver Art Museum-Catálogos
651 1 _2Arte-Latinoamérica-Colonial
_y1500-1899
_zAmérica latina
_928630
700 1 _4Ed.
_aRivas Pérez. Jorge F
_928631
700 1 _4Trad.
_aSánchez, David
_928632
700 1 _4Trad.
_aPuy Rodriguez, Laura
_928633
700 1 _4Fot
_aWells, Jeff
_928634
700 1 _4Fot.
_aStephenson, Eric
_928635
700 1 _4Fot.
_aJackson, Christina
_928636
710 1 _aDenver Art Museum
_bThoma Foundation
_928637
942 _2lcc
_cB
999 _c10865
_d10865